Climate change (Record no. 108241)

MARC details
000 -LEADER
fixed length control field 00663cad a22001935a 4500
001 - CONTROL NUMBER
control field E143644
008 - FIXED-LENGTH DATA ELEMENTS--GENERAL INFORMATION
fixed length control field 080225s20080417stk f 000 0 eng |
035 ## - SYSTEM CONTROL NUMBER
System control number (Sirsi) u143644
041 0# - LANGUAGE CODE
Language code of text/sound track or separate title eng
110 2# - MAIN ENTRY--CORPORATE NAME
Corporate name or jurisdiction name as entry element Royal Institution of Chartered Surveyors
Subordinate unit Scotland
9 (RLIN) 3082
245 00 - TITLE STATEMENT
Title Climate change
Remainder of title consultation on proposals for a Scottish Climate Change Bill
Medium [electronic resource]
260 ## - PUBLICATION, DISTRIBUTION, ETC.
Place of publication, distribution, etc. Edinburgh
Name of publisher, distributor, etc. RICS Scotland
Date of publication, distribution, etc. 2008
300 ## - PHYSICAL DESCRIPTION
Extent 4p.
Dimensions 30cm.
490 ## - SERIES STATEMENT
Series statement PPU/REPORT
Volume/sequential designation (08)7
520 ## - SUMMARY, ETC.
Summary, etc. 17 April 2008. Response to the Scottish Government.
651 #4 - SUBJECT ADDED ENTRY--GEOGRAPHIC NAME
Geographic name Scotland
Chronological subdivision 1999-
690 ## - LOCAL SUBJECT ADDED ENTRY--TOPICAL TERM (OCLC, RLIN)
Topical term or geographic name as entry element ENVIRONMENTAL AND LAND CONSULTANCY-SUSTAINABILITY
942 ## - ADDED ENTRY ELEMENTS (KOHA)
Suppress in OPAC 0
Holdings
Withdrawn status Lost status Source of classification or shelving scheme Damaged status Not for loan Home library Current library Shelving location Date acquired Total Checkouts Full call number Barcode Date last seen Copy number Price effective from Koha item type
    Dewey Decimal Classification     Virtual Virtual Online 05/08/2008   ONLINE PUBLICATION 143644-2001 06/08/2019 1 06/08/2019 Book